000 00526nam a22001817a 4500
999 _c6424
_d6424
003 AR-CdUCM
008 190315b ||||| |||| 00| 0 spa d
040 _aMUNICIPALIDAD PROVINCIAL DEL CUSCO
_cBIBLIOTECA MUNICIPAL DEL CUSCO
082 _a891.02 /
_bM81
100 _aMoskvin, I.
_918252
245 _aEl teatro sovietico /
260 _aBuenos Aires :
_bProblemas,
_c1941.
300 _a30 páginas ;
_c14.5 cm.
500 _aDonación familia Nieto
650 _aTeatro ruso
_911509
942 _2ddc
_cLIBROS
945 _aafb